History Quiz

Random History or Clickable Quiz
Score 0/22 Timer 05:00
8 Plays Today
% Correct
JK Rowling
82.3%
Michael Jackson
75.8%
John Lennon
74.5%
Marilyn Monroe
70.3%
Justin Bieber
67.3%
Queen Victoria
64.7%
Anne Frank
64.7%
Jesse Owens
61.4%
Charles Dickens
61.3%
Oscar Wilde
61.2%
James Dean
60.8%
% Correct
Abraham Lincoln
59.9%
Diego Maradona
58.8%
Alfred Nobel
56.4%
Vincent van Gogh
56.4%
Albert Einstein
56.3%
Jesse James
56%
David Livingstone
55.7%
Florence Nightingale
55.5%
Frédéric Chopin
53.4%
Joseph Stalin
50.2%
Ludwig van Beethoven
42.8%

From the Vault

5 to 1: Fruits and Vegetables

by mg10

Kid tested, mother approved.
Remove Ads.
Support Sporcle.
Get the best of Sporcle when you Go Orange. This ad-free experience offers more features, more stats, and more fun while also helping to support Sporcle. Thank you for becoming a member.

Show Comments

Extras

Top Quizzes Today


Score Distribution

Your Account Isn't Verified!

In order to create a playlist on Sporcle, you need to verify the email address you used during registration. Go to your Sporcle Settings to finish the process.

Report this User

Report this user for behavior that violates our Community Guidelines.

Details: